Statistics for Top 20 biggest non-EU cities in Europe

Click here to take the quiz!

General Stats

  • This quiz has been taken 51 times
  • The average score is 13 of 20

Answer Stats

PopulationCity% Correct
12.195.000Moscow
94%
15.462.000Istanbul
92%
5.383.000Saint Petersburg
92%
9.126.000London
90%
2.950.000Kyiv
84%
1.223.000Birmingham
76%
1.398.000Belgrade
73%
1.982.000Minsk
71%
1.451.000Kharkiv
67%
1.011.000Odessa
67%
1.259.000Nizhny Novgorod
63%
1.013.000Volgograd
59%
1.257.000Kazan
57%
991.000Dnipro
55%
1.121.000Ufa
53%
1.120.000Rostov-on-Don
51%
1.171.000Samara
51%
1.051.000Perm
47%
948.000Krasnodar
39%
1.054.000Voronezh
37%

Score Distribution

Percentile by Number Answered

Percent of People with Each Score

Your Score History

You have not taken this quiz